000 00552nam a22001817a 4500
005 20251108165256.0
008 250721s1994 xx 000 0 ara d
082 1 4 _a956.441/أمي
100 1 _aأبو بكر، أمين مسعود
245 1 0 _aقضاء الخليل 1864 - 1918م /
264 1 _aعمان :
_bالجامعة الأردنية،
_c1994.
300 _a466ص
490 0 _aلجنة تاريخ بلاد الشام
650 1 7 _aتاريخ فلسطين
650 1 7 _aالخليل ( مدينه )
942 _2ddc
_cBK
999 _c23888
_d23888